[Event "Winnipeg TNT March op"]
[Site "Winnipeg"]
[Date "2019.03.26"]
[Round "4.3"]
[White "Melnyk, Jim"]
[Black "Samson, Larry"]
[Result "1-0"]
[WhiteElo "1644"]
[BlackElo "1737"]
[PlyCount "119"]
[EventDate "2019.03.05"]
[EventType "swiss"]
[EventRounds "4"]
[EventCountry "CAN"]
[SourceTitle "EXT 2022"]
[Source "ChessBase"]
[SourceDate "2021.10.06"]
[SourceVersion "1"]
[SourceVersionDate "2021.10.06"]
[SourceQuality "1"]

1. e4 c5 2. Nf3 Nc6 3. Bd3 Qc7 4. c3 Nf6 5. Bc2 e5 6. 0-0 Be7 7. Re1 d6 8. h3 0-0 9. d3 h6 10. Be3 Be6 11. Nbd2 a5 12. Bb3 Bxb3 13. Qxb3 Rab8 14. Rac1 b5 15. d4 c4 16. Qd1 Qb7 17. d5 Na7 18. Qe2 Nc8 19. Nh2 Qd7 20. f3 Bd8 21. Ndf1 Bb6 22. Ng3 Bxe3+ 23. Qxe3 Qa7 24. Kf2 Qxe3+ 25. Kxe3 g6 26. Ne2 Nd7 27. Ng4 Kg7 28. g3 Nc5 29. Nf2 Nb6 30. Rb1 a4 31. Nc1 Nbd7 32. b3 f5 33. b4 Nb7 34. Ne2 Nf6 35. Rf1 Rbe8 36. Rbe1 Nd8 37. Rg1 Nf7 38. Rg2 fxe4 39. fxe4 Ng5 40. h4 Ngh7 41. g4 Rf7 42. Ng3 Ref8 43. h5 Ne8 44. hxg6 Kxg6 45. Nf5 Ng5 46. Rh1 Rh7 47. Rgh2 Rfh8 48. a3 Nf7 49. Nh3 Kf6 50. Nf2 Ng7 51. Nh4 Rg8 52. Nh3 Nh8 53. Rf2+ Ke7 54. g5 hxg5 55. Nxg5 Ke8 56. Nxh7 Nf7 57. Nf6+ Kf8 58. Nxg8 Kxg8 59. Rg1 Nh6 60. Rfg2 1-0

[Event "Winnipeg TNT January op"]
[Site "Winnipeg"]
[Date "2019.01.22"]
[Round "3.8"]
[White "Trueman, Francis"]
[Black "Samson, Larry"]
[Result "0-1"]
[WhiteElo "1354"]
[BlackElo "1661"]
[PlyCount "92"]
[EventDate "2019.01.08"]
[EventType "swiss"]
[EventRounds "4"]
[EventCountry "CAN"]
[SourceTitle "EXT 2022"]
[Source "ChessBase"]
[SourceDate "2021.10.06"]
[SourceVersion "1"]
[SourceVersionDate "2021.10.06"]
[SourceQuality "1"]

1. Nf3 Nf6 2. d3 g6 3. g3 Bg7 4. Bg2 d6 5. 0-0 0-0 6. Nbd2 e5 7. e4 Nbd7 8. Re1 h6 9. h4 Nb6 10. a4 Bg4 11. Nf1 Qd7 12. c3 c5 13. a5 Nc8 14. Ne3 Bh3 15. Nh2 Bxg2 16. Kxg2 h5 17. g4 Ne7 18. Rg1 Kh7 19. Kh1 d5 20. gxh5 Nxh5 21. Qg4 Qxg4 22. Nexg4 dxe4 23. dxe4 b6 24. Bd2 Nc6 25. axb6 axb6 26. Rad1 Rfd8 27. Nf3 f6 28. Bc1 Na5 29. Rd5 Rxd5 30. exd5 Rd8 31. Rd1 Bf8 32. Be3 b5 33. Ra1 Nc4 34. Ra7+ Kg8 35. Nh6+ Bxh6 36. Bxh6 Rxd5 37. Ra2 Kf7 38. b3 Nd6 39. Bd2 Ke6 40. b4 cxb4 41. cxb4 Nc4 42. Be1 Kf5 43. Kg2 Nf4+ 44. Kg3 Rd3 45. Rc2 e4 46. Rc3 Ne2+ 0-1

[Event "Winnipeg TNT January op"]
[Site "Winnipeg"]
[Date "2019.01.08"]
[Round "1.1"]
[White "Wiebe, Isaac"]
[Black "Samson, Larry"]
[Result "1-0"]
[WhiteElo "1660"]
[BlackElo "2011"]
[PlyCount "55"]
[EventDate "2019.01.08"]
[EventType "swiss"]
[EventRounds "4"]
[EventCountry "CAN"]
[SourceTitle "EXT 2022"]
[Source "ChessBase"]
[SourceDate "2021.10.06"]
[SourceVersion "1"]
[SourceVersionDate "2021.10.06"]
[SourceQuality "1"]

1. d4 Nf6 2. Bf4 g6 3. Nc3 Bg7 4. e4 d6 5. Qd2 Nbd7 6. Nf3 0-0 7. 0-0-0 c6 8. e5 Ne8 9. h4 h5 10. e6 Ndf6 11. exf7+ Rxf7 12. Ng5 Rf8 13. Bd3 Nd5 14. Nxd5 cxd5 15. Bxg6 Nf6 16. f3 Bd7 17. g4 hxg4 18. h5 Bh6 19. Qd3 Ne4 20. Bxe4 dxe4 21. Qxe4 Bxg5 22. Qg6+ Kh8 23. Bxg5 Qe8 24. Rde1 Qxg6 25. hxg6+ Kg8 26. Rxe7 Rfe8 27. Bf6 Rxe7 28. Rh8# 1-0

[Event "Winnipeg TNT May op"]
[Site "Winnipeg"]
[Date "2013.05.28"]
[Round "4"]
[White "Samson, Larry"]
[Black "Reimer, Bruce"]
[Result "1/2-1/2"]
[WhiteElo "1531"]
[BlackElo "1651"]
[PlyCount "89"]
[EventDate "2013.05.07"]
[EventType "swiss"]
[EventRounds "4"]
[EventCountry "CAN"]
[SourceTitle "EXT 2022"]
[Source "ChessBase"]
[SourceDate "2021.10.06"]
[SourceVersion "1"]
[SourceVersionDate "2021.10.06"]
[SourceQuality "1"]

1. e4 Nf6 2. Nc3 e5 3. a3 Nc6 4. Nf3 g6 5. Bc4 Bg7 6. d3 0-0 7. 0-0 d6 8. h3 Qe8 9. Be3 Be6 10. Bxe6 Qxe6 11. Qd2 d5 12. exd5 Nxd5 13. Nxd5 Qxd5 14. Rab1 Nd4 15. Nxd4 exd4 16. Bh6 Bxh6 17. Qxh6 Rfe8 18. Qd2 Re7 19. Rfe1 Rae8 20. Rxe7 Rxe7 21. Re1 Rxe1+ 22. Qxe1 Qa2 23. Qe8+ Kg7 24. Qe5+ Kf8 25. Qxd4 Qb1+ 26. Kh2 Qxc2 27. Kg3 b6 28. Qc3 Qxc3 29. bxc3 Ke7 30. Kf4 Ke6 31. c4 h6 32. g4 a6 33. Ke4 c5 34. a4 f5+ 35. gxf5+ gxf5+ 36. Kf4 Kf6 37. f3 Ke6 38. Ke3 Kf6 39. f4 Kg6 40. Kf3 Kh5 41. Kg3 Kg6 42. Kh4 h5 43. Kg3 Kf6 44. Kh4 Kg6 45. Kg3 1/2-1/2

[Event "Winnipeg TNT March op"]
[Site "Winnipeg"]
[Date "2013.03.05"]
[Round "1"]
[White "De Groot, Steven"]
[Black "Samson, Larry"]
[Result "1-0"]
[WhiteElo "1987"]
[BlackElo "1555"]
[PlyCount "99"]
[EventDate "2013.03.05"]
[EventType "swiss"]
[EventRounds "4"]
[EventCountry "CAN"]
[SourceTitle "EXT 2022"]
[Source "ChessBase"]
[SourceDate "2021.10.06"]
[SourceVersion "1"]
[SourceVersionDate "2021.10.06"]
[SourceQuality "1"]

1. c4 Nf6 2. Nc3 g6 3. g3 Bg7 4. Bg2 d6 5. d3 Nbd7 6. e4 c6 7. Nge2 e5 8. 0-0 0-0 9. h3 h6 10. Be3 Qe7 11. Qd2 Kh7 12. Rae1 Rh8 13. f4 Nf8 14. b3 Kg8 15. d4 N6d7 16. f5 g5 17. g4 Nf6 18. Ng3 N8h7 19. Qf2 b6 20. c5 dxc5 21. dxc5 b5 22. Rd1 Ba6 23. b4 Qc7 24. Rd3 Bf8 25. Rfd1 Kg7 26. Qb2 Rg8 27. Nb1 Be7 28. Nd2 Rad8 29. Nf3 Rxd3 30. Rxd3 Nd7 31. Qd2 Rd8 32. Qc3 Nhf6 33. Bc1 Re8 34. Bb2 Bf8 35. Qd2 Bc8 36. Nxg5 hxg5 37. Qxg5+ Kh8 38. Qh4+ Nh7 39. g5 Qd8 40. f6 Re6 41. Qh5 Qe8 42. Bf3 Nb8 43. Bg4 Bxc5+ 44. bxc5 Qg8 45. Bxe6 Bxe6 46. h4 Nd7 47. Nf5 Nxc5 48. Ne7 Qe8 49. Qh6 Qf8 50. Rd8 1-0

[Event "Winnipeg TNT September op"]
[Site "Winnipeg"]
[Date "2012.09.04"]
[Round "1"]
[White "Bince, Rolando"]
[Black "Samson, Larry"]
[Result "1-0"]
[WhiteElo "2030"]
[BlackElo "1599"]
[PlyCount "91"]
[EventDate "2012.09.04"]
[EventType "swiss"]
[EventRounds "4"]
[EventCountry "CAN"]
[SourceTitle "EXT 2022"]
[Source "ChessBase"]
[SourceDate "2021.10.06"]
[SourceVersion "1"]
[SourceVersionDate "2021.10.06"]
[SourceQuality "1"]

1. e3 Nf6 2. d4 e6 3. c4 Bb4+ 4. Nc3 0-0 5. Bd3 d5 6. Qc2 h6 7. Bd2 dxc4 8. Bxc4 b6 9. Nge2 Bb7 10. 0-0 a6 11. a3 Be7 12. e4 b5 13. Bd3 c5 14. dxc5 Qc7 15. b4 Rd8 16. Bf4 e5 17. Be3 Ng4 18. Bc1 Qd7 19. Rd1 Qe6 20. h3 Nf6 21. Be3 Nc6 22. f3 Bf8 23. Qb2 Rd7 24. Bc2 Rad8 25. Rxd7 Rxd7 26. Bb3 Qe8 27. Nd5 Nxd5 28. exd5 Nd8 29. Rd1 Ba8 30. Qc2 g6 31. Nc3 Bg7 32. c6 Rc7 33. Bb6 Rc8 34. c7 Nb7 35. d6 Qd7 36. Qxg6 Kf8 37. Qxf7+ Qxf7 38. Bxf7 Kxf7 39. d7 Rxc7 40. Bxc7 Bf6 41. d8Q Nxd8 42. Bxd8 Bxd8 43. Rxd8 Bc6 44. Rd6 Be8 45. Rxh6 Kg7 46. Rxa6 1-0